Forty Hadith / (Record no. 196507)
[ view plain ]
| 000 -LEADER | |
|---|---|
| fixed length control field | 00591 a2200157 4500 |
| 003 - CONTROL NUMBER IDENTIFIER | |
| control field | NUST |
| 005 - DATE AND TIME OF LATEST TRANSACTION | |
| control field | 20221207171140.0 |
| 040 ## - CATALOGING SOURCE | |
| Transcribing agency | Nust |
| 082 ## - DEWEY DECIMAL CLASSIFICATION NUMBER | |
| Classification number | 297,IBR |
| 100 ## - MAIN ENTRY--PERSONAL NAME | |
| Personal name | Ibrahim, Ezzeddin |
| 9 (RLIN) | 104374 |
| 245 ## - TITLE STATEMENT | |
| Title | Forty Hadith / |
| Statement of responsibility, etc. | Translated by Ezzeddin Ibrahim,Denys Johnson-Davies |
| 260 ## - PUBLICATION, DISTRIBUTION, ETC. | |
| Name of publisher, distributor, etc. | The Holy Koran |
| Date of publication, distribution, etc. | 1976 |
| 300 ## - PHYSICAL DESCRIPTION | |
| Extent | 127p .: |
| 505 ## - FORMATTED CONTENTS NOTE | |
| Formatted contents note | Introduction by the Translators in English (Page-7), Introduction by the Translators in Arabic (Page-12), Iman an- Nawawais Introduction in Arabic with English Translation (Page-18), The Hadith (Page-26). |
| 942 ## - ADDED ENTRY ELEMENTS (KOHA) | |
| Source of classification or shelving scheme | |
| Koha item type | Book |
| Call number prefix | 297,IBR |
| Withdrawn status | Lost status | Source of classification or shelving scheme | Damaged status | Not for loan | Permanent Location | Current Location | Shelving location | Date acquired | Full call number | Barcode | Date last seen | Price effective from | Koha item type | Public note |
|---|---|---|---|---|---|---|---|---|---|---|---|---|---|---|
| Military College of Signals (MCS) | Military College of Signals (MCS) | General Stacks | 12/12/2016 | 297,IBR | MCS36792 | 12/08/2016 | 12/12/2016 | Book | Almirah No.47, Shelf No.1 | |||||
| Military College of Signals (MCS) | Military College of Signals (MCS) | General Stacks | 12/12/2016 | 297,IBR | MCS36793 | 12/08/2016 | 12/12/2016 | Book | Almirah No.47, Shelf No.1 |
